000 00395nam a2200145Ia 4500
008 200103s9999||||xx |||||||||||||| ||und||
040 _aIMU-MPC
082 _aColumn-10
100 _aAdmiralty
245 0 _aAdmiralty list of lights and fog signals
250 _aVol. L
260 _bAdmirality Charts and Publications
_cAdmirality Charts and Publications
300 _axxiii, 287
942 _cBK
999 _c4453
_d4453